000 00872nam a22002297a 4500
999 _c17968
_d17968
003 AR-CdUCM
008 190510b ||||| |||| 00| 0 spa d
040 _aMUNICIPALIDAD PROVINCIAL DEL CUSCO
_cBIBLIOTECA MUNICIPAL DEL CUSCO
082 _a792.8 /
_bR35
100 _aRegner, Otto Friedrich
_938258
245 _aEl nuevo libro del ballet /
260 _aBuenos Aires :
_bEudeba,
_c1965.
300 _a279 paginas ;
_c19 cm.
440 _aLectores de Eudeba
_938121
500 _aTitulo original : Das neve ballettbuch
505 _aContenido : Reencuentro con el Ballet -- El mundo de los fenómenos del Ballet -- Creaciones y creadoras del ballet -- El mundo argumental del ballet...
650 _aBallet
_929536
650 _aMúsica para ballet
_938259
700 _aMoner, Gabriela (Traducción)
_931087
942 _2ddc
_cLIBROS
945 _awnts
_d2019-05-11